| 000 | 00621nam a22002417a 4500 | ||
|---|---|---|---|
| 001 | 32450 | ||
| 003 | UA-OsUOA | ||
| 005 | 20201225191315.0 | ||
| 007 | ta | ||
| 008 | 20050202b un ||||| |||| 00| 0 ukr d | ||
| 040 |
_aUA-OsUOA _brus _cUA-OsUOA _dUA-OsUOA |
||
| 041 | _arus | ||
| 044 | _aRU | ||
| 080 | _a001(091)(47+57) | ||
| 090 |
_a001(091)(47+57) _bЛ38 |
||
| 100 | _aЛевшин Б. В. | ||
| 245 | _aСоветская наука в годы Великой Отечественной войны | ||
| 260 |
_aМ. _bНаука _c1983 |
||
| 300 | _a381 с. | ||
| 650 | 7 | _2UDC | |
| 942 |
_cBK _2udc |
||
| 955 | _a0 | ||
| 999 |
_c318894 _d318894 |
||